[Event "Regionalliga SW 9899"]
[Site "Bayern"]
[Date "1999.??.??"]
[Round "8.6"]
[White "Gerlach, Peter"]
[Black "Ciric, Mladen"]
[Result "0-1"]
[WhiteElo "1950"]
[BlackElo "1995"]
[PlyCount "48"]
[EventDate "1998.??.??"]
[EventType "team-tourn"]
[EventRounds "9"]
[EventCountry "GER"]
[SourceTitle "EXT 2020"]
[Source "ChessBase"]
[SourceDate "2019.10.17"]
[SourceVersion "1"]
[SourceVersionDate "2019.10.17"]
[SourceQuality "1"]
[WhiteTeam "Haar"]
[BlackTeam "Garching"]
[WhiteTeamCountry "GER"]
[BlackTeamCountry "GER"]

1. d4 Nf6 2. Nf3 d5 3. e3 e6 4. Be2 b6 5. 0-0 Bb7 6. b3 c5 7. Bb2 cxd4 8. exd4 Bd6 9. c4 Nbd7 10. Nc3 0-0 11. cxd5 Nxd5 12. Ne4 Bf4 13. Ng3 Rc8 14. Bd3 N7f6 15. Ne2 Bb8 16. Qd2 Qd6 17. Ne5 Nb4 18. Ba3 Nfd5 19. Be4 a5 20. f4 Ba6 21. Rf3 Bxe2 22. Qxe2 Nxf4 23. Qe3 Qxd4 24. Rc1 Bxe5 0-1

[Event "Regionalliga SW 9697"]
[Site "Bayern"]
[Date "1997.??.??"]
[Round "?"]
[White "Tibitanzl, Thomas"]
[Black "Ciric, Mladen"]
[Result "0-1"]
[WhiteElo "1905"]
[BlackElo "1985"]
[PlyCount "72"]
[EventDate "1996.10.??"]
[EventType "team-tourn"]
[EventRounds "9"]
[EventCountry "GER"]
[SourceTitle "EXT 1999"]
[Source "ChessBase"]
[SourceDate "1998.11.16"]
[SourceVersion "1"]
[SourceVersionDate "1998.11.16"]
[SourceQuality "1"]
[WhiteTeam "Obermenzing"]
[BlackTeam "Garching"]
[WhiteTeamCountry "GER"]
[BlackTeamCountry "GER"]

1. d4 d5 2. e4 dxe4 3. Nc3 Nf6 4. f3 exf3 5. Qxf3 c6 6. Bd3 Bg4 7. Qf2 Nbd7 8. Nge2 Qa5 9. 0-0 0-0-0 10. b4 Qxb4 11. d5 Bxe2 12. Nxe2 cxd5 13. h3 e5 14. Bf5 Bc5 15. Be3 d4 16. Bc1 d3 17. Be3 Bxe3 18. Qxe3 dxe2 19. Qxe2 Kc7 20. Rab1 Qd4+ 21. Kh1 Nc5 22. Qb5 b6 23. Rf3 Qa4 24. Qe2 e4 25. Rc3 g6 26. Rc4 Qxa2 27. Qf1 Nh5 28. Ra1 Ng3+ 29. Kg1 Nxf1 30. Rxa2 Ne3 31. Rc3 Nxf5 32. Rxa7+ Kb8 33. Rca3 e3 34. Rxf7 e2 35. Kf2 Rhe8 36. Ra1 Rd1 0-1